000 00322 a2200157 4500
001 192368
020 _a978-85-326-5165-5
040 _cMagnum
100 _aAzevedo, Aluísio de
240 1 0 _aO Cortiço
_lpor
245 1 0 _aO Cortiço
300 _a346
362 0 _a2016
697 _aLITERATURA GERAL
942 _cBK
999 _c192368
_d192368